|
|
|
|
| LEADER |
01131nam a2200253 a 4500 |
| 001 |
951190 |
| 008 |
100114s1984 ii af b 001 0 eng d |
| 010 |
|
|
|a 84008205
|
| 020 |
|
|
|a 0803994826
|
| 040 |
|
|
|a DLC
|c DLC
|d DLC
|d OCoLC
|d DLC
|d BD-DhAAL
|
| 082 |
0 |
0 |
|a 307/.14
|2 19
|
| 100 |
1 |
|
|a Mehta, Shiv Rattan.
|
| 245 |
1 |
0 |
|a Rural development policies and programmes :
|b a sociological perspective /
|c Shiv R. Mehta.
|
| 260 |
|
|
|a New Delhi ;
|a Beverly Hills :
|b Sage Publications,
|c 1984.
|
| 300 |
|
|
|a xii, 192 p., [1] folded leaf of plates :
|b ill. ;
|c 23 cm.
|
| 504 |
|
|
|a Includes Bibliography (p. [183]-188.) and index.
|
| 541 |
1 |
|
|e 00003443
|
| 650 |
|
0 |
|a Rural development.
|
| 650 |
|
0 |
|a Rural development
|z Developing countries.
|
| 650 |
|
0 |
|a Rural development
|z India.
|
| 651 |
|
0 |
|a India
|x Rural conditions.
|
| 852 |
4 |
|
|a Ayesha Abed Library
|j General shelf
|
| 999 |
|
|
|c 6980
|d 6980
|
| 952 |
|
|
|0 0
|1 0
|2 ddc
|4 0
|6 307_140000000000000_MEH_1984
|7 0
|9 7225
|a BRACUL
|b BRACUL
|c GEN
|d 2010-01-14
|g 0.00
|l 0
|o 307.14 MEH
|p 3010003443
|r 2010-01-14
|t 1
|w 2010-01-14
|y BK
|z Not price in Register
|